000 01143nam a2200289 a 4500
005 20200104041536.0
008 140307b2001 ck |||||rm||| 00| 0 spa d
040 _aCO-BoIAVH
_cCO-BoIAVH
041 _aspa
044 _ack
090 _aTE
_b0129
100 _aMorales Rozo, Andrea
245 _aCaracterización y uso de hábitat del cucarachero de pantano Cistothorus apolinari en los humedales de La Conejera, La Florida, Tinbanica, laguna de Fúquene y laguna de Chisacá, Cundinamarca
260 _aBogotá
_bPontificia Universidad Javeriana
_c2001
300 _a71 p.
650 1 4 _aAves
650 1 4 _aEcología animal
650 1 4 _aEspecies amenazadas
650 1 4 _aComportamiento animal
650 1 4 _aUso del hábitat
662 _aColombia
_cHumedal La Conejera
_dBogotá
_bCundinamarca
662 _aColombia
_cHumedal La Florida
_dBogotá
_bCundinamarca
662 _aColombia
_cHumedal Tibanica
_dBogotá
_bCundinamarca
662 _aColombia
_cLaguna de Fúquene
_dFúquene y Susa
_bCundinamarca
662 _aColombia
_cLaguna de Chisacá
_dBogotá
_bCundinamarca
942 _cTESIS
_2z
_02
999 _c2801
_d2801